000 01353nam a2200397 i 4500
001 45160
003 KOSZ 005
005 20230213142440.0
008 041015s2004 pl a f |000 0 pol
015 _aPB 2004/20006
020 _a8389355426
035 _a(OCoLC)749458325
040 _aWA N
_cWA N
_dKOSZ 005/HR
041 0 _apol
046 _k2004
080 _a657
080 _a(07)
245 0 0 _aWprowadzenie do rachunkowości :
_bpodręcznik z przykładami, zadaniami i testami /
_cpod red. Ewy Śnieżek ; [aut. Ewa Śnieżek et al.].
260 _aKraków :
_bOficyna Ekonomiczna. Oddział Polskich Wydawnictw Profesjonalnych,
_c2004.
300 _a598, [1] s. :
_brysunki, tabele ;
_c24 cm.
336 _2rdacontent
_aTekst
_btxt
337 _2rdamedia
_aBez urządzenia pośredniczącego
_bn
338 _2rdacarrier
_aWolumin
_bnc
380 _aKsiążki
380 _aPublikacje dydaktyczne
380 _aPublikacje fachowe
388 _a2001-
504 _aBibliografia przy rozdziałach.
650 4 _aRachunkowość
655 4 _aPraca zbiorowa
655 4 _aPodręcznik
658 _aGospodarka, ekonomia, finanse
700 1 _aŚnieżek, Ewa
_eAutor
_eRedakcja
856 _uhttp://koha.tu.koszalin.pl/cgi-bin/koha/opac-detail.pl?biblionumber=45160
_yKatalog online BPK
942 _2UKD
_cKS
999 _c45160
_d45160